00846nam a22002297a 4500001001000000003000500010005001700015008004100032010001000073011001000083035001100093040000900104100004200113245012300155260004100278300003500319502011100354650002700465650002100492650003700513856006600550000095755CHAP20220329143123.0060523d2006 mx a b r 00110 spa d a92221 a93193 a103765 cCHAP1 aRamírez Hernández, Violeta Belen.10aSintomatología de virus asociados a gerbera Gerbera jamesonii H. Bolus /c/por Violeta Balene Ramírez Hernández. aChapingo, Méx. :bEl autor,c2006. a99 h. :bilus.;cuadros, mapas. aTesis (Ing. Agro. Esp. en Parasitología Agrícola) - - UACH. Departamento de Parasitología Agrícola14aGerberaxEnfermedades.14aGerberaxPlagas.14aPlantasxEnfermedades por virus. 3Finding aiduhttp://10.13.5.2/tesis/103765.pdfzTeclea aquí